| 000 | 01424nam a2200337 i 4500 | ||
|---|---|---|---|
| 001 | 88928 | ||
| 003 | ES-MaACL | ||
| 005 | 20250818030919.0 | ||
| 007 | t| | ||
| 008 | 041230s1999 sp ||||1| spa d | ||
| 020 | _a84-87317-85-5 | ||
| 080 | _a75 Velázquez, Diego (083.824) | ||
| 080 | _a75 Rubens, Peter Paul (083.824) | ||
| 080 | _a75 Dyck, Antoon van (083.824) | ||
| 245 | 0 | 0 |
_aVelázquez, Rubens y Van Dyck _b: pintores cortesanos del siglo XVII : [exposición celebrada en el Museo Nacional del Prado del 17 de diciembre de 1999 al 5 de marzo del 2000] / _cdirigido por Jonathan Brown ; con textos de Christopher Brown ... [et al.]. |
| 260 |
_a[Madrid] : _bMuseo Nacional del Prado : _bEdiciones El Viso, _c[1999] |
||
| 300 |
_a283 p. : _bil. col. y n. ; _c28 cm. |
||
| 600 | 1 | 4 |
_aVelázquez, Diego, _d1599-1660- _vExposiciones _9113795 |
| 600 | 1 | 4 |
_aRubens, Peter Paul- _vExposiciones. _9100292 |
| 600 | 1 | 4 |
_aDyck, Antoon van, _d1599-1641- _vExposiciones _946406 |
| 655 | 7 |
_2tgfbne _9193628 _aCatálogos de exposiciones |
|
| 700 | 1 |
_aBrown, Jonathan, _d1939- _932005 |
|
| 700 | 1 |
_aBrown, Christopher. _931978 |
|
| 700 | 1 |
_aVelázquez, Diego, _d1599-1660 _9113793 |
|
| 700 | 1 |
_aRubens, Peter Paul. _9100291 |
|
| 700 | 1 |
_aDyck, Antoon van, _d1599-1641 _946405 |
|
| 710 | 2 |
_aMuseo Nacional del Prado. _9160001 |
|
| 852 |
_aES-MaACL _jE-10766 _bR.135500 |
||
| 942 | _2udc | ||
| 999 |
_c88928 _d88928 |
||